First Word Alphabetically A-Z - Statistics

General Stats
  • This quiz has been taken 15 times
    4 since last reset
  • The average score is 3 of 26
Answer Stats
Letter Answer % Correct
A Aardvark
100%
B Babble
33%
C Cab
33%
D Dab
33%
F Fable
33%
I Ibis
33%
J Jab
33%
L Label
33%
E Each
0%
G Gadget
0%
H Habit
0%
K Kaleidoscope
0%
M Macabre
0%
N Nag
0%
O Oaf
0%
P Pace
0%
Q Qat
0%
R Rabbi
0%
S Sack
0%
T Tab
0%
U Ubiquitous
0%
V Vacancy
0%
W Wade
0%
X Xanthan
0%
Y Yacht
0%
Z Zany
0%
No matching quizzes found
Score Distribution
Percent of People with Each Score
Percentile by Number Answered
Your Score History
You have not taken this quiz since the last reset